| 000 | 04116cam a2200349 a 4500 | ||
|---|---|---|---|
| 001 | 14433641 | ||
| 005 | 20170105102940.0 | ||
| 008 | 060630s2006 nyuab b 001 0 eng | ||
| 010 | _a 2006021673 | ||
| 020 | _a0810930951 (hardcover) | ||
| 020 | _a9780810930957 (hardcover) | ||
| 020 | _a0810993384 (pbk.) | ||
| 020 | _a9780810993389 (pbk.) | ||
| 035 | _a(OCoLC)70258916 | ||
| 040 |
_aDLC _cDLC _dYDX _dBAKER _dGZM _dVP@ _dBTCTA _dYDXCP _dOMB _dGK8 _dOCLCQ _dLMR _dLVB _dOMP _dDLC |
||
| 050 | 0 | 0 |
_aHC79.E5 _bW676 2006 |
| 082 | 0 | 0 |
_a333.7 _222 _bWOR 2006 |
| 245 | 0 | 0 |
_aWorldchanging : _ba user's guide for the 21st century / _cedited by Alex Steffen ; foreword by Al Gore ; design by Sagmeister Inc. |
| 246 | 3 | _aWorld changing | |
| 260 |
_aNew York : _bAbrams, _c2006. |
||
| 300 |
_a596 p. : _bill. (chiefly col.), col. map ; _c25 cm. |
||
| 504 | _aIncludes bibliographical references (p. 538-546) and index. | ||
| 505 | 0 | _aSTUFF: Questioning consumption -- Consuming responsibly -- Understanding trade -- Creating healthy homes -- Doing the right thing can be delicious -- Buying better food everywhere -- Eating better meat and fish -- Preserving barnyard biodiversity -- Cars and fuel -- Bright green consumerism -- Designing a sustainable world -- Picking green materials -- Craft it yourself -- Engineer it yourself -- Art meets technology -- Biomimicry -- Nanotechnology -- Neobiological industry -- Knowing what's green -- Producer responsibility -- Collaborative design -- Open source -- Design for development -- Bright green computers -- SHELTERS: Green remodeling -- Building a green home -- Living well in a compact space -- Developing green housing -- Furniture and home decor -- Lighting -- Energy -- Using energy efficiently -- Green power -- Going off the grid -- Smart grids -- Water -- Conserving water -- Thinking differently about water -- Landscaping -- EcoHouse Brazil -- Refugees -- Reinventing the refugee camp -- Transforming disaster relief -- Open-source humanitarian design -- Land mines -- Rethinking refugee reconstruction -- CITIES: The bright green city -- Vancouver -- Portland -- Retrofitting the suburbs -- Big green buildings and skyscrapers -- Healing polluted land -- Greening infrastructure -- Place-making -- Urban transportation -- Product-service systems -- Chinese cities of the future -- Lagos -- Megacity innovations -- The hidden vitality of slums -- Leapfrogging -- ICT4D -- Brazil's Telecentros -- Leapfrogging infrastructure -- COMMUNITY: Holistic problem solving -- Education and literacy -- Educating girls and empowering women -- Public health -- South-south science -- Copyfight -- Urban community development -- Community capital -- Microfinance -- Social entrepreneurship -- Giving well -- The barefoot college -- Travel and tourism -- Global culture -- BUSINESS: Your money -- Creating business value from sustainability -- Green marketing -- Brands -- Thriving in a bright green economy -- Seeing the big picture -- Start-up 101 -- POLITICS: Movement building -- Networking politics -- Amplifying your voice -- Connecting with others -- Tools for talking -- Demanding transparency -- Demanding human rights -- Watching the watchers -- Protest -- Direct action -- Nonviolent revolution -- Ending violence -- PLANET: Placing yourself -- Citizen science -- Restoration ecology -- Ecosystem services -- Biodiversity: how much nature is enough? Sustainable forestry -- Creating rural sustainability in the global south -- Future of the small town -- Local greenhouse forecast -- Climate foresight -- A personal action plan -- Mapping -- Charting the deep oceans -- Polar regions -- The solar system: greens in space -- Imagining the future. | |
| 650 | 0 | _aEnvironmentalism. | |
| 650 | 0 | _aSustainable development. | |
| 650 | 0 | _aGreen movement. | |
| 700 | 1 | _aSteffen, Alex. | |
| 856 | 4 | 1 |
_3Table of contents only _uhttp://www.loc.gov/catdir/toc/ecip0616/2006021673.html |
| 906 |
_a7 _bcbc _corignew _d1 _eecip _f20 _gy-gencatlg |
||
| 942 |
_2ddc _cBK |
||
| 999 |
_c16432 _d16432 |
||